| Tag |
First Indicator |
Second Indicator |
Subfields |
| LEADER |
00000cam a2200000 a 4500 |
| 001 |
in00000006088 |
| 007 |
he bmb024bbca |
| 008 |
990803s1998 dcu bb f000 0 eng c |
| 005 |
20230331144347.6 |
| 035 |
|
|
|a (OCoLC)ocm42003809
|
| 035 |
|
|
|9 AJK0231AM
|
| 035 |
|
|
|a in00000006088
|
| 037 |
|
|
|a 161144
|b GAO (202) 512-6000 (Voice); (202) 512-6061 (Fax)
|f paper copy
|
| 040 |
|
|
|a GPO
|c GPO
|d DLC
|d MvI
|d UtOrBLW
|
| 042 |
|
|
|a pcc
|
| 043 |
|
|
|a n-us---
|
| 049 |
|
|
|a UMIC
|
| 049 |
|
|
|a WWW
|
| 074 |
|
|
|a 0546-D-01 (MF)
|
| 074 |
|
|
|a 0546-D-01 (online)
|
| 086 |
0 |
|
|a GA 1.5/2:T-NSIAD-98-250
|
| 100 |
1 |
|
|a Johnson, Harold J.
|q (Harold James),
|d 1941-
|
| 245 |
1 |
0 |
|a Export controls :
|b changes in controls applied to the export of high performance computers : statement of Harold J. Johnson, Associate Director, International Relations and Trade Issues, National Security and International Affairs Division, before the Subcommittee on International Security, Proliferation, and Federal Services, Committee on Governmental Affairs, U.S. Senate /
|c United States General Accounting Office.
|
| 246 |
3 |
0 |
|a Changes in controls applied to the export of high performance computers
|
| 264 |
|
1 |
|a Washington, D.C. (P.O. Box 37050, Washington, D.C. 20013) :
|b The Office,
|c [1998]
|
| 300 |
|
|
|a 8 pages ;
|c 28 cm.
|
| 336 |
|
|
|a text
|b txt
|2 rdacontent
|
| 337 |
|
|
|a microform
|b h
|2 rdamedia
|
| 338 |
|
|
|a microfiche
|b he
|2 rdacarrier
|
| 490 |
1 |
|
|a Testimony ;
|v GAO/T-NSIAD-98-250
|
| 500 |
|
|
|a Shipping list number: 99-0712-M.
|
| 500 |
|
|
|a "For release ... September 16, 1998."
|
| 500 |
|
|
|a "September 16, 1998."
|
| 504 |
|
|
|a Includes bibliographical references.
|
| 533 |
|
|
|a Microfiche.
|b [Washington, D.C.] :
|c U.S. General Accounting Office,
|d [1998?]
|e 1 microfiche : negative.
|
| 530 |
|
|
|a Also available via Internet from the GPO Access web site. Address as of 12/31/01: http://frwebgate.access.gpo.gov/cgi-bin/getdoc.cgi?dbname=gao&docid=f:ns98250t.pdf; current access is available via PURL.
|
| 500 |
|
|
|a Microform.
|
| 650 |
|
0 |
|a Export controls
|z United States.
|
| 650 |
|
0 |
|a Technology transfer
|z United States.
|
| 650 |
|
0 |
|a High performance computing
|z United States.
|
| 650 |
|
0 |
|a Administrative agencies
|z United States
|x Evaluation.
|
| 710 |
1 |
|
|a United States.
|b General Accounting Office.
|
| 830 |
|
0 |
|a Testimony ;
|v GAO/T-NSIAD-98-250.
|
| 856 |
4 |
1 |
|u https://purl.fdlp.gov/GPO/LPS16635
|z Adobe Acrobat Reader required
|t 0
|
| 999 |
|
|
|a MARS
|
| 999 |
f |
f |
|i 36be7d9e-9572-329f-b0e6-f855ce031197
|s bdd57962-7b9e-3f68-919d-046eee2581ca
|t 0
|
| 952 |
f |
f |
|p normal
|a Texas A&M University
|b College Station
|c Sterling C. Evans Library
|d Evans: US Documents Microfiche (3rd floor)
|t 0
|e GA 1.5/2:T-NSIAD-98-250
|h Superintendent of Documents classification
|i microform -- microfiche
|m A14824288758
|
| 952 |
f |
f |
|a Texas A&M University
|b College Station
|c Electronic Resources
|d Available Online
|t 0
|e GA 1.5/2:T-NSIAD-98-250
|h Superintendent of Documents classification
|
| 998 |
f |
f |
|a GA 1.5/2:T-NSIAD-98-250
|t 0
|l Evans: US Documents Microfiche (3rd floor)
|
| 998 |
f |
f |
|a GA 1.5/2:T-NSIAD-98-250
|t 0
|l Available Online
|